书目信息 |
| 题名: |
园林景观设计与施工细节CAD图集
|
|
| 作者: | ;《园林景观设计与施工细节CAD图集》编写组 编 | |
| 分册: | 假山与水景 | |
| 出版信息: | 北京 化学工业出版社 2013.1 |
|
| 页数: | 160页 | |
| 开本: | 26cm | |
| 丛书名: | ||
| 单 册: | ||
| 中图分类: | TU986.2 , TU986.44-39 | |
| 科图分类: | ||
| 主题词: | AutoCAD软件--应用--园林设计--图集 , AutoCAD软件--应用--园林设计--图集 , AutoCAD软件--应用--理水(园林)--园林设计--图集 | |
| 电子资源: | ||
| ISBN: | 978-7-122-14134-7 | |
| 000 | 01360nam0 2200265 45 | |
| 001 | 311956 | |
| 005 | 20130606163756.04 | |
| 010 | @a978-7-122-14134-7@dCNY39.80 | |
| 100 | @a20130606d2013 ekmy0chiy0121 ea | |
| 101 | 0 | @achi |
| 102 | @aCN@b110000 | |
| 105 | @ay z 000yy | |
| 106 | @ar | |
| 200 | 1 | @a园林景观设计与施工细节CAD图集@AYuan Lin Jing Guan She Ji Yu Shi Gong Xi Jie CAD Tu Ji@i假山与水景@IJia Shan Yu Shui Jing@f《园林景观设计与施工细节CAD图集》编写组编@F《 Yuan Lin Jing Guan She Ji Yu Shi Gong Xi Jie CAD Tu Ji》 Bian Xie Zu Bian |
| 210 | @a北京@c化学工业出版社@d2013.1 | |
| 215 | @a160页@d26cm@e附光盘1片 | |
| 330 | @a本套书以园林景观设计及施工为基础,对园林景观施工进行分析提炼,精选了园林景观设计中常用的设计施工元素,将施工设计中常用的大样做法用一个个资料图块的形式汇集成册,并按照园林景观施工的类别分为《屋顶花园与庭院施工细节》、《铺装与植物施工细节》、《假山与水景施工细节》三册,内容齐全,参考性、实用性强。 | |
| 606 | 0 | @aAutoCAD软件@x应用@x园林设计@j图集 |
| 606 | 0 | @aAutoCAD软件@x应用@x园林设计@j图集 |
| 606 | 0 | @aAutoCAD软件@x应用@x理水(园林)@x园林设计@j图集 |
| 690 | @aTU986.2@v5 | |
| 690 | @aTU986.44-39@v5 | |
| 711 | 02 | @a《园林景观设计与施工细节CAD图集》编写组@A《 Yuan Lin Jing Guan She Ji Yu Shi Gong Xi Jie CAD Tu Ji》 Bian Xie Zu@4编 |
| 801 | @aCN@bTANGWEI@c20130523 | |
| 905 | @b0836190-93@dTU986.2@e632@f4 | |
| 园林景观设计与施工细节CAD图集.假山与水景/《园林景观设计与施工细节CAD图集》编写组编.-北京:化学工业出版社,2013.1 |
| 160页;26cm+附光盘1片 |
| ISBN 978-7-122-14134-7:CNY39.80 |
| 本套书以园林景观设计及施工为基础,对园林景观施工进行分析提炼,精选了园林景观设计中常用的设计施工元素,将施工设计中常用的大样做法用一个个资料图块的形式汇集成册,并按照园林景观施工的类别分为《屋顶花园与庭院施工细节》、《铺装与植物施工细节》、《假山与水景施工细节》三册,内容齐全,参考性、实用性强。 |
| ● |
| 相关链接 |
|
|
|
|
正题名:园林景观设计与施工细节CAD图集
索取号:TU986.2/632
 
预约/预借
| 序号 | 登录号 | 条形码 | 馆藏地/架位号 | 状态 | 备注 |
| 1 | 0836190 | 208361903 | 第二样本阅览室/ [索取号:TU986.2/632] | 在馆 | |
| 2 | 0836191 | 208361912 | 第三借阅区/ [索取号:TU986.2/632] | 在馆 | |
| 3 | 0836192 | 208361921 | 第三借阅区/ [索取号:TU986.2/632] | 在馆 | |
| 4 | 0836193 | 208361930 | 第三借阅区/ [索取号:TU986.2/632] | 在馆 |